| 000 | 00393nam a2200133 4500 | ||
|---|---|---|---|
| 999 |
_c9445 _d9445 |
||
| 003 | OSt | ||
| 005 | 20210622133058.0 | ||
| 008 | 210622b ||||| |||| 00| 0 eng d | ||
| 020 | _a9780486481562 | ||
| 082 |
_a741.24 _bLOH |
||
| 100 | _aLohan J Frank | ||
| 245 | _aThe drawing handbook : comprehensive, easy-to-master lessons on composition and techniques using pencil and pen & ink | ||
| 942 | _2ddc | ||